Central Library OPAC University of Rajshahi

Differential equations : (Record no. 70008)

MARC details
000 -LEADER
fixed length control field 00787nam a2200253 a 4500
001 - CONTROL NUMBER
control field 70008
003 - CONTROL NUMBER IDENTIFIER
rucl marc code BD-RjUL
005 - DATE AND TIME OF LATEST TRANSACTION
control field 20211209081944.0
008 - FIXED-LENGTH DATA ELEMENTS--GENERAL INFORMATION
fixed length control field 170415s2004 enka|||| |||| 00| 0 eng d
035 ## - SYSTEM CONTROL NUMBER
System control number (BD-RjUL)70220
040 ## - CATALOGING SOURCE
Original cataloging agency BD-RjUL
Language of cataloging eng
Transcribing agency BD-RjUL
041 ## - LANGUAGE CODE
Language code of text/sound track or separate title eng
082 ## - DEWEY DECIMAL CLASSIFICATION NUMBER
Edition number 23
Classification number 515.35
Author mark and year BAD 2004
100 10 - MAIN ENTRY--PERSONAL NAME
Personal name Borrelli, Bobert L
9 (RLIN) 207360
245 10 - TITLE STATEMENT
Title Differential equations :
Remainder of title a modeling perspective /
Statement of responsibility, etc. Robert L Borrelli and Courtney S Coleman
246 ## - VARYING FORM OF TITLE
Remainder of title 2nd ed.
260 ## - PUBLICATION, DISTRIBUTION, ETC. (IMPRINT)
Place of publication, distribution, etc. London :
Name of publisher, distributor, etc. Willy,
Date of publication, distribution, etc. c2004.
300 ## - PHYSICAL DESCRIPTION
Pagination vii, 375 p. :
Illustrations ill. ;
Size 24 cm.
490 0# - SERIES STATEMENT
Series statement students resourse manual to accompany
650 ## - SUBJECT ADDED ENTRY--TOPICAL TERM
Topical term or geographic name as entry element Differential equations.
9 (RLIN) 207361
Topical term or geographic name as entry element Mathematical modeling
9 (RLIN) 207362
700 ## - ADDED ENTRY--PERSONAL NAME
Personal name Coleman, Courtney S
942 ## - ADDED ENTRY ELEMENTS (KOHA)
Source of classification or shelving scheme Dewey Decimal Classification
Koha item type Books
Holdings
Lost status Source of classification or shelving scheme Damaged status Not for loan Collection code Permanent Location Current Location Shelving location Date acquired Source of acquisition Cost, normal purchase price Total Checkouts Full call number Date last seen Copy number Koha item type
  Dewey Decimal Classification   Not For Loan Non-fiction Central Library, University of Rajshahi Central Library, University of Rajshahi Reading Room 30/08/2008 Dhaka, Paragon Enterprises Ltd. 55.95   515.35 BAD 2004 15/04/2017 C-1 Books